El Sistema de Diseño de Productos (Record no. 19980)

MARC details
000 -CABECERA
campo de control de longitud fija 00748nam a2200241 4500
003 - IDENTIFICADOR DEL NÚMERO DE CONTROL
campo de control OSt
005 - FECHA Y HORA DE LA ÚLTIMA TRANSACCIÓN
campo de control 20260601170959.0
008 - DATOS DE LONGITUD FIJA--INFORMACIÓN GENERAL
campo de control de longitud fija 260417b1971\\\\ag\\||||\||||\00|\0\spa\d
040 ## - FUENTE DE LA CATALOGACIÓN
Centro catalogador/agencia de origen ICI
Lengua de catalogación spa
Centro/agencia transcriptor ICI
050 ## - SIGNATURA TOPOGRÁFICA DE LA BIBLIOTECA DEL CONGRESO
Número de clasificación HD69.P7
Número de documento/Ítem G66 1975
100 ## - ENTRADA PRINCIPAL--NOMBRE DE PERSONA
Nombre de persona Goslin, Lewis N
9 (RLIN) 31106
245 #1 - MENCIÓN DE TÍTULO
Título El Sistema de Diseño de Productos
Mención de responsabilidad, etc. Lewis n. goslin ; traduccion de Juan j. Thomas
250 ## - MENCIÓN DE EDICIÓN
Mención de edición 2
264 ## - PRODUCCIÓN, PUBLICACIÓN, DISTRIBUCIÓN, FABRICACIÓN Y COPYRIGHT
Nombre del de productor, editor, distribuidor, fabricante Ed. El Ateneo Buenos Aires
Fecha de producción, publicación, distribución, fabricación o copyright 1971
Producción, publicación, distribución, fabricación y copyright Buenos Aires ; México
300 ## - DESCRIPCIÓN FÍSICA
Extensión 182 páginas
336 ## - TIPO DE CONTENIDO
Término de tipo de contenido texto
Fuente rdacontent
337 ## - TIPO DE MEDIO
Nombre/término del tipo de medio sin medio
Fuente rdamedia
338 ## - TIPO DE SOPORTE
Nombre/término del tipo de soporte volumen
Fuente rdacarrier
650 ## - PUNTO DE ACCESO ADICIONAL DE MATERIA--TÉRMINO DE MATERIA
Término de materia o nombre geográfico como elemento de entrada Productos
9 (RLIN) 31107
650 ## - PUNTO DE ACCESO ADICIONAL DE MATERIA--TÉRMINO DE MATERIA
Término de materia o nombre geográfico como elemento de entrada Análisis de ruta crítica
9 (RLIN) 31108
650 ## - PUNTO DE ACCESO ADICIONAL DE MATERIA--TÉRMINO DE MATERIA
Término de materia o nombre geográfico como elemento de entrada Análisis de redes (Planificación)
9 (RLIN) 31109
942 ## - ELEMENTOS DE PUNTO DE ACCESO ADICIONAL (KOHA)
Fuente del sistema de clasificación o colocación Dewey Decimal Classification
Tipo de ítem Koha Libros

No items available.